Eurovision 2023 Song Lyrics - Statistics

General Stats
  • This quiz has been taken 1,031 times
    1,016 since last reset
  • The average score is 19 of 37
Answer Stats
Lyrics Song % Correct
And when the world got me going crazyI carry on Because of You
82%
It's gonna be phenomen-phenomen-phenomenalPhenomen-phenomenal Unicorn
79%
Poe, Poe, Poe, Poe, PoePoe, Poe, Poe, Poe, Poe Who The Hell Is Edgar?
79%
Nothing in this world could stop the spread of her wings Queen of Kings
78%
Rankka viikko ja paljon pitkii päiviä takanMielenkiintona piña colada ja rata Cha Cha Cha
77%
No, I don’t wanna be a soldier, soldier Watergun
71%
Violins playing and the angels cryingWhen the stars align then I'll be there Tattoo
70%
Mi bomo celo noč plesaliLjubili se in se igrali Carpe Diem
66%
Mi niño, cuando me mueraQue me entierren en la luna Eaea
65%
Toutes ces belles promesses que j’entendsC’n’est que du vent Évidemment
62%
At dashing ti rujeSi jeten, ti ruje Duje
61%
Don't care what you sayDon't care how you feel Heart of Steel
59%
We're so happy we could die Blood and Glitter
58%
There is always timeTo get back on track Bridges
58%
I never let me down, didi-down-down-down Solo
57%
But hey, wait, what you say? Dance (Our Own Party)
56%
She is her own queenAnd she will prove it My Sister's Crown
55%
Se questa è l'ultima canzone e poi la luna esploderà Due vite
54%
Onaj mali psihopatMali podli psihopat Mama ŠČ
53%
I could've cried at homeAnd spent the night alone I Wrote a Song
52%
If we could go back to the startBet we'd still be falling apart Breaking My Heart
51%
I just wanna make art, read books and just find someoneWho likes me enough to kiss my face Future Lover
49%
Cross my heart 'til the sky turns red in the sunriseSince you told me everything's alright Promise
47%
My heart is bleedingI need your healing Stay
43%
When we rise, we rise like the sunWhen we go down, we go down, we go down We Are One
43%
You lift me up and leave me in the gutterTear me up and move on to another Break a Broken Heart
42%
Tenho a cabeça e a garganta num nóQue não se desfaz, e nem assim tu tens dó Ai coração
41%
I'm sorry I'm just humanI'm losing myself while chasing highs Burning Daylight
39%
Ne-or ține, ne-or țineNe-or ține cununa Soarele și luna
39%
Days in a row I'm thinking, I knowI've got a big faith, my love is my crown Echo
37%
You said some words in here you'd fall asleepPeople were talking louder from my TV screen Aijā
34%
And bring the party, Aphrodite, and I'll chase you on the dancefloor Like an Animal
34%
I like it better when I dream Samo mi se spava (Само ми се спава)
34%
Oricât scriu, cu-oricât skillPe orice stil, cât de fin D.G.T. (Off and On)
32%
I'll take my flowers while I canSo let the love shower over me Power
31%
Oh I am both now I got too much on my plateAnd I save all the others cause for me it’s too What They Say
23%
How do you feel about us right now? Tell Me More
19%
No matching quizzes found
Score Distribution
Percent of People with Each Score
Percentile by Number Answered
Your Score History
You have not taken this quiz since the last reset